00388pab a2200133 454500008004000000100001700040245007300057260000900130300001500139362000800154650004900162650002500211773001800236180718b2014 xxu||||| |||| 00| 0 eng d aReena Kumari aGrowing regional disparity in Uttar Pradesh: inter-district analysis c2014 ap.339-360. aSep aRegional disparities - India - Uttar Pradesh aRegional disparities aArtha Vijnana